Desarrollo organizacional (Registro nro. 3065)
[ vista simple ]
| 000 -LEADER | |
|---|---|
| fixed length control field | 01372 a2200205 4500 |
| 001 - CONTROL NUMBER | |
| control field | 39537 |
| 005 - DATE AND TIME OF LATEST TRANSACTION | |
| control field | 20260407155653.0 |
| 008 - FIXED-LENGTH DATA ELEMENTS--GENERAL INFORMATION | |
| fixed length control field | 260407a1973 arg spa d |
| 003 - CONTROL NUMBER IDENTIFIER | |
| control field | AR-UNSa-BCEJYS |
| 040 ## - CATALOGING SOURCE | |
| Original cataloging agency | AR-UNSa-BCEJYS |
| Language of cataloging | spa |
| Transcribing agency | AR-UNSa-BCEJYS |
| 080 ## - UNIVERSAL DECIMAL CLASSIFICATION NUMBER | |
| Universal Decimal Classification number | 658.012.32 |
| Common auxiliary subdivision | Formas de organización, de gestión |
| 100 1# - MAIN ENTRY--PERSONAL NAME | |
| Personal name | Beckhard, Richard |
| 245 10 - TITLE STATEMENT | |
| Title | Desarrollo organizacional |
| Name of part/section of a work | estrategías y modelos |
| 264 #1 - PRODUCTION, PUBLICATION, DISTRIBUTION, MANUFACTURE, AND COPYRIGHT NOTICE | |
| Place of production, publication, distribution, manufacture | México : |
| Name of producer, publisher, distributor, manufacturer | Centro Regional de Ayuda Técnica |
| Date of production, publication, distribution, manufacture, or copyright notice | 1973 |
| 300 ## - PHYSICAL DESCRIPTION | |
| Extent | 140 p. |
| Dimensions | 21 cm. |
| 505 ## - FORMATTED CONTENTS NOTE | |
| Formatted contents note | Parte I: El que, por que y cómo del desarrollo organizacional: 1. El variable ambiente del cambio - 2. Desarrollo organizacional: cambio planificado del ambiente - 3. Estrategias, tácticas y actividades en el desarrollo organizacional - Parte II: Estrategias de trabajo en el desarrollo organizacional : 4. Un caso de cambio en la cultura de una organización - 5. Un caso de cambio en la manera como se realiza el trabajo - 7. Un caso de adaptación creativa a un nuevo ambiente - 8. Un caso de cambio de comunicaciones y patrones de influencias - 9. Situaciones de fracaso y éxito en esfuerzos de desarrollo organizacional - Parte III: Administración del cambio : 10. La administración del desarrollo organizacional - 11. El tema de la década del setenta. |
| 590 ## - LOCAL NOTE (RLIN) | |
| Local note | niveau_biblio:m niveau_hierar:0 |
| 700 1# - ADDED ENTRY--PERSONAL NAME | |
| Personal name | Lopera, Jaime |
| 942 ## - ADDED ENTRY ELEMENTS (KOHA) | |
| Koha item type | |
| Withdrawn status | Lost status | Damaged status | Not for loan | Home library | Current library | Shelving location | Date acquired | Total checkouts | Full call number | Barcode | Date last seen | Price effective from | Koha item type |
|---|---|---|---|---|---|---|---|---|---|---|---|---|---|
| Biblioteca Prof. Eusebio Cleto del Rey | Biblioteca Prof. Eusebio Cleto del Rey | 07/04/2026 | 658.012.32 B393 | L25101 | 07/04/2026 | 07/04/2026 | Libro | ||||||
| Biblioteca Prof. Eusebio Cleto del Rey | Biblioteca Prof. Eusebio Cleto del Rey | 07/04/2026 | 658.012.32 B393 | L25107 | 07/04/2026 | 07/04/2026 | Libro |